000 01112nam a22002417a 4500
001 7503
003 FISKH
005 20250729120202.0
008 250722b cb ||||| |||| 00| 0 eng d
020 _a9781108746489
040 _aFISKH
_beng
_cFISKH
_dFISKH
050 _aPZ7
082 _a510
100 _aMoseley, Cherri
245 _aCambridge primary Mathemathics :
_bLearner's book 3 /
_cCherri Moseley & Janet Rees
260 _aUnited Kingdom :
_bCambridge University Press,
_c2021.
300 _a291 pages :
_bcolor illustrations ;
_c28 cm
520 _aWhether they are presenting data in a range of formats or exploring cube numbers Cambridge Primary Mathematics help your learner's develop their mathematiccal thinking skills, They will be fully supported with worked examples and plenty of pratice exercises, while projects throughout the book provide opportunities for deeper investigation of mathematical concept - including predicting patterns using matchsticks.
650 _aMathematics
_vPrediction Patterns
700 _aRees, Janet
_eAuthor
942 _2ddc
_cBK
_n0
999 _c7503
_d7503